Study of Protien Extraction and Cost Reduction in Spray Dyeing (Record no. 69427)

MARC details
000 -LEADER
fixed length control field 00384nam a2200145Ia 4500
008 - FIXED-LENGTH DATA ELEMENTS--GENERAL INFORMATION
fixed length control field 221007s9999 xx 000 0 und d
041 ## - LANGUAGE CODE
Language code of text/sound track or separate title eng
082 ## - DEWEY DECIMAL CLASSIFICATION NUMBER
Item number MER
100 ## - MAIN ENTRY--PERSONAL NAME
Personal name Merat S (2K51097)
9 (RLIN) 102265
245 ## - TITLE STATEMENT
Title Study of Protien Extraction and Cost Reduction in Spray Dyeing
260 ## - PUBLICATION, DISTRIBUTION, ETC. (IMPRINT)
Date of publication, distribution, etc. 2007
Name of publisher, distributor, etc. Pune University
Place of publication, distribution, etc. Pune
300 ## - PHYSICAL DESCRIPTION
Extent 73p
520 ## - SUMMARY, ETC.
Summary, etc. Parchure S
906 ## - LOCAL DATA ELEMENT F, LDF (RLIN)
b General
Holdings
Withdrawn status Lost status Damaged status Not for loan Home library Current library Date acquired Vendor Total Checkouts Full call number Barcode Date last seen Bill Date Koha item type Original Barcode
        Smt. Hiraben Nanavati Institute of Management & Research for Women Smt. Hiraben Nanavati Institute of Management & Research for Women 05/10/2007 HNIMR   MER HIMR-PR-127 07/10/2022 05/10/2007 Project Reports PR0127